<?xml version="1.0" encoding="UTF-8"?>
<record
    xmlns:xsi="http://www.w3.org/2001/XMLSchema-instance"
    xsi:schemaLocation="http://www.loc.gov/MARC21/slim http://www.loc.gov/standards/marcxml/schema/MARC21slim.xsd"
    xmlns="http://www.loc.gov/MARC21/slim">

  <leader>00393nam a22001337a 4500</leader>
  <controlfield tag="005">20260407123050.0</controlfield>
  <controlfield tag="008">260407b        |||||||| |||| 00| 0 eng d</controlfield>
  <datafield tag="082" ind1=" " ind2=" ">
    <subfield code="a">330.95491</subfield>
    <subfield code="b">ECO-S</subfield>
  </datafield>
  <datafield tag="245" ind1=" " ind2=" ">
    <subfield code="a">Economic Survey 2001-2002</subfield>
  </datafield>
  <datafield tag="260" ind1=" " ind2=" ">
    <subfield code="a">Pakistan </subfield>
    <subfield code="b">Governemnt of Pakistan Economic Advisor's Wing Finance Division </subfield>
    <subfield code="c">2002</subfield>
  </datafield>
  <datafield tag="300" ind1=" " ind2=" ">
    <subfield code="a">xxvi, 179 p.</subfield>
  </datafield>
  <datafield tag="650" ind1=" " ind2=" ">
    <subfield code="a">Management Science</subfield>
  </datafield>
  <datafield tag="942" ind1=" " ind2=" ">
    <subfield code="c">BK</subfield>
  </datafield>
  <datafield tag="999" ind1=" " ind2=" ">
    <subfield code="c">47235</subfield>
    <subfield code="d">47235</subfield>
  </datafield>
  <datafield tag="952" ind1=" " ind2=" ">
    <subfield code="0">0</subfield>
    <subfield code="w">2026-04-07</subfield>
    <subfield code="1">0</subfield>
    <subfield code="4">0</subfield>
    <subfield code="7">0</subfield>
    <subfield code="8">Management Science </subfield>
    <subfield code="a">AUSC</subfield>
    <subfield code="b">AUSC</subfield>
    <subfield code="c">Economics</subfield>
    <subfield code="d">2026-04-07</subfield>
    <subfield code="e">Gifted  By Dr. Salman Hasan </subfield>
    <subfield code="l">0</subfield>
    <subfield code="o">330.95491 ECO-S</subfield>
    <subfield code="p">AUHEG0011</subfield>
    <subfield code="r">2026-04-07 12:32:09</subfield>
    <subfield code="y">BK</subfield>
  </datafield>
  <datafield tag="952" ind1=" " ind2=" ">
    <subfield code="0">0</subfield>
    <subfield code="w">2026-04-07</subfield>
    <subfield code="1">0</subfield>
    <subfield code="4">0</subfield>
    <subfield code="7">0</subfield>
    <subfield code="8">Management Science </subfield>
    <subfield code="a">AUSC</subfield>
    <subfield code="b">AUSC</subfield>
    <subfield code="c">Economics</subfield>
    <subfield code="d">2026-04-07</subfield>
    <subfield code="e">Gifted  By Dr. Salman Hasan </subfield>
    <subfield code="l">0</subfield>
    <subfield code="o">330.95491 ECO-S</subfield>
    <subfield code="p">AUHEG0012</subfield>
    <subfield code="r">2026-04-07 12:32:09</subfield>
    <subfield code="y">BK</subfield>
  </datafield>
  <datafield tag="952" ind1=" " ind2=" ">
    <subfield code="0">0</subfield>
    <subfield code="w">2026-04-07</subfield>
    <subfield code="1">0</subfield>
    <subfield code="4">0</subfield>
    <subfield code="7">0</subfield>
    <subfield code="8">Management Science </subfield>
    <subfield code="a">AUSC</subfield>
    <subfield code="b">AUSC</subfield>
    <subfield code="c">Economics</subfield>
    <subfield code="d">2026-04-07</subfield>
    <subfield code="e">Gifted  By Dr. Salman Hasan </subfield>
    <subfield code="l">0</subfield>
    <subfield code="o">330.95491 ECO-S</subfield>
    <subfield code="p">AUHEG0013</subfield>
    <subfield code="r">2026-04-07 12:32:09</subfield>
    <subfield code="y">BK</subfield>
  </datafield>
</record>
